| 000 | 01220nam a22002777a 4500 | ||
|---|---|---|---|
| 999 |
_c158302 _d158302 |
||
| 003 | dpl | ||
| 005 | 20181024170737.0 | ||
| 008 | 181024b ||||| |||| 00| 0 eng d | ||
| 010 | _aA-890983 | ||
| 020 |
_c195.00 _a8170555329 |
||
| 035 | _aA-890983 | ||
| 037 | _bBPPD/PUB | ||
| 040 |
_aDPL _bHN _c0 |
||
| 082 |
_a808.86 _bशर्मारा |
||
| 100 | _974671 | ||
| 245 |
_aतीन महाराथियो के पत्र ; _cसं. रामविलास शर्मा _bश्री जयशंकर प्रसाद के अधूरे उपन्यास की पूर्णाकृति ; |
||
| 246 |
_aTeen Maharthio Ke Patr ; _bEdited by Ramvilaas Sharma |
||
| 260 |
_aनई दिल्ली _bवाणी प्रकाशन _c1997 |
||
| 270 |
_a21-ए दरियागंज _bनई दिल्ली _e110002 |
||
| 300 |
_a218पृ. _c20सेमी(सजिल्द) |
||
| 650 |
_aहिन्दी साहित्य _974672 |
||
| 650 |
_aहिन्दी -- उपन्यास _974673 |
||
| 650 |
_aHindi literature _974674 |
||
| 650 |
_aHindi -- Fiction _927248 |
||
| 942 |
_2ddc _cHN _h808.86 _mशर्मारा |
||